LEADER 01019nam0-22003251i-450- 001 990007824100403321 005 20030908114013.0 010 $a88-350-9915-3 035 $a000782410 035 $aFED01000782410 035 $a(Aleph)000782410FED01 035 $a000782410 100 $a20030908d--------km-y0itay50------ba 101 0 $aita 102 $aIT 105 $ay-------001yy 200 1 $a<>futuro da formare$everso un nuovo sistema di formazione professionale$etendenze, valutazioni e proposte$fMaurizio Ambrosini ... [et al.]$ga cura di Maurizio Ambrosini$gprefazione di Michele Colasanto 210 $aBrescia$cLa scuola$d©2000 215 $a165 p.$d22 cm 225 1 $aProfessionalitą 610 0 $aFormazione professionale 676 $a370.113 702 1$aAmbrosini,$bMaurizio$f<1956- > 801 0$aIT$bUNINA$gRICA$2UNIMARC 901 $aBK 912 $a990007824100403321 952 $aIX G 24$b38114$fFSPBC 959 $aFSPBC 996 $aFuturo da formare$9663274 997 $aUNINA LEADER 01237nam--2200349---450- 001 990005907190203316 005 20131112153609.0 035 $a000590719 035 $aUSA01000590719 035 $a(ALEPH)000590719USA01 035 $a000590719 100 $a20131112d2011----km-y0itay50------ba 101 $aita 102 $aIT 105 $a||||||||001yy 200 1 $aMessaggio agli italiani e interventi di fine anno del Presidente della Repubblica Giorgio Napolitano$edicembre 2010 210 $aRoma$cUfficio per la Stampa e l'Informazione della Presidenza della Repubblica$d2011 215 $a50 p.$d12 cm 300 $aIn testa al frontespizio: Presidenza della Repubblica italiana 606 0 $2BNCF 676 $a342.45 700 01$aNapolitano,$bGiorgio <1925- >$0120314 712 01$aItalia : Presidenza della Repubblica 801 0$aIT$bsalbc$gISBD 912 $a990005907190203316 951 $aXXXI.MISC. 149$b78201 G.$cXXIV.2.A.$d00344423 959 $aBK 969 $aGIU 979 $aCHIARA$b90$c20131112$lUSA01$h1535 979 $aCHIARA$b90$c20131112$lUSA01$h1536 996 $aMessaggio agli italiani e interventi di fine anno del Presidente della Repubblica Giorgio Napolitano$91073289 997 $aUNISA LEADER 01740nam 2200385 n 450 001 996395567103316 005 20221108040244.0 035 $a(CKB)4330000000311718 035 $a(EEBO)2240940450 035 $a(UnM)99871492 035 $a(EXLCZ)994330000000311718 100 $a19850520d1645 uy | 101 0 $aeng 135 $aurbn||||a|bb| 200 13$aAn indictment against England because of her selfe-murdering divisions$b[electronic resource] $etogether vvith an exhortation to an England-preserving vnity and concord. Presented in a sermon preached before the Right Honourable House of Lords in the Abby church at Westminster; at the late solemne fast, December 25. 1644. By Edmund Calamy, B.D. and pastour of Aldermanbury in London 210 $aLondon $cPrinted by I. L. for Christopher Meredith, at the sign of the Crane in Pauls Church-yard$d1645 215 $a[8], 41, [3] p 300 $aThe first leaf bears an order to print. 300 $aMost running titles read: A sermon to the Right Honorable House of Lords, at the monethly fast, Decemb. 25. 1644. 300 $aReproduction of the original in the British Library. 330 $aeebo-0018 606 $aFast-day sermons$y17th century 606 $aSects$zEngland$vSermons$vEarly works to 1800 607 $aGreat Britain$xPolitics and government$y1642-1649$vSermons$vEarly works to 1800 615 0$aFast-day sermons 615 0$aSects 700 $aCalamy$b Edmund$f1600-1666.$01002065 801 0$bCu-RivES 801 1$bCu-RivES 801 2$bCStRLIN 801 2$bWaOLN 906 $aBOOK 912 $a996395567103316 996 $aAn indictment against England because of her selfe-murdering divisions$92382612 997 $aUNISA